Vinárstvo a cestovný ruch súčasnosť a vybrané aspekty rozvoja na Slovensku
Salvato in:
| Autore principale: | |
|---|---|
| Ente Autore: | |
| Altri autori: | , |
| Natura: | Libro |
| Lingua: | slovacco |
| Pubblicazione: |
Bratislava
Vydavateľstvo EKONÓM
2021
|
| Edizione: | 1. vydanie |
| Soggetti: | |
| Tags: |
Nessun Tag, puoi essere il primo ad aggiungerne!!
|
MARC
| LEADER | 00000nam a2200000 4500 | ||
|---|---|---|---|
| 001 | 0279439 | ||
| 005 | 20240502074333.4 | ||
| 020 | |a 978-80-225-4863-2 | ||
| 041 | 0 | |a slo | |
| 044 | |a SK | ||
| 245 | 1 | 0 | |a Vinárstvo a cestovný ruch |b súčasnosť a vybrané aspekty rozvoja na Slovensku |c Paulína Krnáčová ; recenzenti: Pavol Plesník, Ľuboš Bogár |
| 250 | |a 1. vydanie | ||
| 264 | 1 | |a Bratislava |b Vydavateľstvo EKONÓM |c 2021 | |
| 300 | |a 133 s. [10,23 AH] | ||
| 500 | |a Monografia je zároveň habilitačnou prácou. | ||
| 610 | 2 | 0 | |a priemysel vinársky |
| 610 | 2 | 0 | |a vinohradníctvo |
| 610 | 2 | 0 | |a víno |
| 610 | 2 | 0 | |a hrozno |
| 610 | 2 | 0 | |a ruch cestovný |
| 610 | 2 | 0 | |a agropotravinárstvo |
| 610 | 2 | 0 | |a pandémia |
| 610 | 2 | 0 | |a koronavírus |
| 610 | 2 | 0 | |a Slovensko |
| 100 | 1 | |a Krnáčová, Paulína, 1983- | |
| 700 | 1 | |a Plesník, Pavol, 1956- | |
| 700 | 1 | |a Bogár, Ľuboš | |
| 710 | 2 | |a Ekonomická univerzita v Bratislave. Obchodná fakulta | |